00351nam a22001457a 4500003000400000008004100004020001800045082001400063100003400077245003300111250001300144260002900157300001100186650000800197OSt240507b |||||||| |||| 00| 0 eng d a9789357461559 a332.7 ARC aARORA, R. K. and LAL, Prerna  aCredit Risk Analytics with R aIst. ed. aNew Delhi,bWiley,c2023 a440 p. aMBA